Premi Lega Serie A - 2022-2023 - Statistics

Statistiche generali
  • Questo quiz è stato fatto 27 volte
  • Il punteggio medio è 7 su 7
Statistiche sulle risposte
Categoria Nazione Squadra Giocatore % Corretto
Miglior portiere Italia Lazio Ivan Provedel
100%
MVP - Migliore in assoluto Georgia Napoli Khvicha Kvaratskhelia
100%
Miglior difensore Corea del Sud Napoli Kim Min-jae
100%
MVC - Miglior allenatore Italia Napoli Luciano Spalletti
100%
Miglior centrocampista Italia Internazionale Nicolò Barella
100%
Miglior attaccante Nigeria Napoli Victor Osimhen
95%
Miglior Under 23 Juventus Juventus Nicolò Fagioli
71%
Nessun quiz corrispondente trovato
Distribuzione punteggi
Percentuale di utenti per punteggio
Percentile per numero di risposta
I tuoi punteggi nel tempo
Non hai fatto questo quiz